000 01301nam1a22002531i 4500
001 v19\rc\1251095
005 20260406201117.0
035 _a(NLR Aleph) 004407314
090 _a3957466
_c3957466
100 _a20060306d1889 |||y0rusy50 ca
101 0 _arus
102 _aRU
105 _ay c |||||
200 1 _aУказатель изданий Общества естествоиспытателей при Казанском университете. 1869-1888
_e1-3
210 _aКазань
_d[1889]
215 _a3 т.
_d23
309 _aБез тит. л. и обл.
311 _aПрил. к Протоколам заседаний О-ва естествоиспытателей при Казанск. ун-те, № 102, 106
422 0 _12001#$aПротоколы заседаний Общества естествоиспытателей при Казанском университете$v№ 102, 106
_tПротоколы заседаний Общества естествоиспытателей при Казанском университете
710 0 2 _aОбщество естествоиспытателей
_cКазань, до 1917 г.
_9417773
_3RU\NLR\AUTH\889960729
801 0 _aRU
_bNLR
_gpsbo
801 1 _aRU
_bProSoft-M
_2rusmarc
852 _aNLR
_j2/1458
942 _cBOOK